<?xml version="1.0" encoding="UTF-8"?>
<record
    xmlns:xsi="http://www.w3.org/2001/XMLSchema-instance"
    xsi:schemaLocation="http://www.loc.gov/MARC21/slim http://www.loc.gov/standards/marcxml/schema/MARC21slim.xsd"
    xmlns="http://www.loc.gov/MARC21/slim">

  <leader>01450nam a22001577a 4500</leader>
  <controlfield tag="008">190902b        xxu||||| |||| 00| 0 eng d</controlfield>
  <datafield tag="050" ind1=" " ind2=" ">
    <subfield code="a">QA76.73.J39 D353</subfield>
  </datafield>
  <datafield tag="100" ind1=" " ind2=" ">
    <subfield code="a">Danesh, Arman.</subfield>
  </datafield>
  <datafield tag="245" ind1=" " ind2=" ">
    <subfield code="a">Javascript 1.1: developer's guide. /</subfield>
    <subfield code="c">Arman Danesh and Wes Tatters.</subfield>
  </datafield>
  <datafield tag="260" ind1=" " ind2=" ">
    <subfield code="a">Indianapolis : </subfield>
    <subfield code="b">Sams Publishing,</subfield>
    <subfield code="c">1996.</subfield>
  </datafield>
  <datafield tag="300" ind1=" " ind2=" ">
    <subfield code="a">xxiv, 604 p. :</subfield>
    <subfield code="b">ill. ;</subfield>
    <subfield code="c">23 cm.</subfield>
  </datafield>
  <datafield tag="500" ind1=" " ind2=" ">
    <subfield code="a">Includes index.</subfield>
  </datafield>
  <datafield tag="505" ind1=" " ind2=" ">
    <subfield code="a">Contents: Part I: Javascript basics: Introducing javascript -- The javascript language -- Javascript and object-oriented programming -- General objects and functions -- Part II: Javascript and netscape navigator object tree --  Event processing -- Working with forms -- Frames and javascript -- Using cookies -- Applying cookies and frames -- Part III: Javascript and livewire pro: Livewire and livewire pro -- The livewire object tree -- Programming with livewire and javascript -- Part IV: Java and live objects: introducing java -- Communicating with java applets -- Navigator plug-ins -- Part V: Javasript in practice: A language switching interface -- Solitaire in javascript -- A search engine interface -- Creating a spreadsheet in javascript -- Part V:  Javascript and Microsoft's Internet Explorer:  Microsoft internet explorer -- The  Internet Explorer object model -- Programming with VBScript -- ActiveX controls -- Using the activeX control pad --  Javascript and the future.</subfield>
  </datafield>
  <datafield tag="700" ind1=" " ind2=" ">
    <subfield code="a">Tatters, Wes.</subfield>
  </datafield>
  <datafield tag="942" ind1=" " ind2=" ">
    <subfield code="2">lcc</subfield>
    <subfield code="c">BK</subfield>
  </datafield>
  <datafield tag="999" ind1=" " ind2=" ">
    <subfield code="c">6931</subfield>
    <subfield code="d">14431</subfield>
  </datafield>
  <datafield tag="952" ind1=" " ind2=" ">
    <subfield code="0">0</subfield>
    <subfield code="1">0</subfield>
    <subfield code="2">lcc</subfield>
    <subfield code="4">0</subfield>
    <subfield code="7">0</subfield>
    <subfield code="a">WIUC-1</subfield>
    <subfield code="b">WIUC-1</subfield>
    <subfield code="c">REF</subfield>
    <subfield code="d">2019-09-02</subfield>
    <subfield code="l">0</subfield>
    <subfield code="o">QA76.73.J39 D353</subfield>
    <subfield code="p">8511/105/19</subfield>
    <subfield code="r">2019-09-02 00:00:00</subfield>
    <subfield code="t">1</subfield>
    <subfield code="w">2019-09-02</subfield>
    <subfield code="y">BK</subfield>
  </datafield>
</record>
